| 000 | 00888nam a22001577a 4500 | ||
|---|---|---|---|
| 003 | OSt | ||
| 005 | 20151020111438.0 | ||
| 008 | 151020b xxu||||| |||| 00| 0 eng d | ||
| 040 | _cRUA | ||
| 082 | _aAVM THU 2010 B092 Or.1 | ||
| 100 |
_92497 _aTHUY NATH |
||
| 245 | _aEffec of using (polygonum babrtum) in concentrate on growing quail at animal experemental station at royal university of agriculture, (ឥទ្ធិពលនៃការប្រើប្រាស់ស្លឹកកន្ទំាងហែក្រៀមក្នុងចំណីផ្សំលើការលូតលាស់របស់ក្រួចក្នុងស្ថានីយ៍ពិសោធន៍័សត្វ នៅសាកលវិទ្យាល័យភូមិន្ទកសិកម្ម) | ||
| 260 |
_aphnom penh _brua _c2010 |
||
| 300 |
_axii, 36p. _bill. _c29cm. |
||
| 942 |
_2ddc _cAVM |
||
| 999 |
_c2350 _d2350 |
||